Представление документа в формате RUSMARC

ПолеНазваниеЗначение
  Тип записи a
  Библиографический уровень m
001 Контрольный номер RU/REG73/CBS_GRAD/26de0f3661294a8291c97c2bd336e3db
005 Дата корректировки 20250220142622.8
010 Индекс ISBN __
a ISBN 978-5-9781-0668-8
b Уточнения в пер.
d Цена 80 р.
9 Тираж 20000 экз.
100 Данные общей обработки __
a Данные общей обработки 20250220d2013 c y0rusy0189## ca
101 Язык документа 0_
a Язык текста rus
105 Кодированные данные (монография) __
a Кодированные данные (монография) a z 000ay
200 Заглавие и сведения об ответственности 1_
a Заглавие Хрестоматия для старшей группы
f Первые сведения об ответственности Составитель М. В. Юдаева ; художник Г. В. Соколов
b Общее обозначение материала Текст
203 Вид содержания и тип средства __
a Вид содержания Текст
b Характеристика содержания визуальный
c Тип средства непосредственный
210 Выходные данные 1_
a Место издания Москва
c Издательство Самовар
d Дата издания 2013
215 Физическое описание __
a Объем 224 с.
c Иллюстрации/тип воспроизводства ил.
d Формат 21 см
225 Серия 1_
a Серия Библиотека детского сада
300 Общие примечания __
a Общие примечания На обл. : Составлена в соответствии с требованиями ФГТ
327 Примечание о содержании 01
a Примечание о содержании Содерж.: Наш любимый детский сад; Русские народные песенки и потешки; Сказка за сказкой и [др.]
333 Примечание о целевом назначении __
a Примечание о целевом назначении 6+
606 Тематические рубрики 0_
a Основная рубрика Стихи и сказки (д.л.)
610 Ключевые слова 0_
a Ключевые слова литература детская; сказки русские народные; стихи; песенки; потешки; стихи о природе; времена года; стихи про праздники
686 Индексы других классификаций __
a Классификационный индекс 84(2 Рос=Рус)
702 Вторичная интеллектуальная ответственность _1
a Фамилия Юдаева
b Имя (инициалы) М.В.
g Полное личное имя Марина Владимировна
4 Код отношения 220
702 Вторичная интеллектуальная ответственность _1
a Фамилия Соколов
b Имя (инициалы) Г.В.
g Полное личное имя Геннадий Валентинович
4 Код отношения 040
801 Источник записи _0
a Страна RU
b Организация RuCBSGrad
g Правила каталогизации PSBO
c Дата составления 20250220
801 Источник записи _1
a Страна RU
b Организация RuCBSGrad
g Правила каталогизации PSBO
c Дата составления 20250220
852 Данные о местонахождении __
a Наименование организации МБУК "ЦБС г.Димитровграда"
i Авторский знак Х 91
901 Тип документа __
t Тип документа m
909 Создатель записи __
a Создатель записи Щукина
b Дата создания записи 20250220
981 __
b i
g e
2 isbdcontent
982 __
b n
2 isbdmedia
993 __
a 55487
b 30424
e 277386
f ЦГДБ
h 65.00
i 277386
m 1
n 44278
o I
p 65.00
x 1
y 1
z 84(2Рос=Рус)6